MDQL
is popping MORE tags! Check the
thread
!
Quizzes
Events
Quiz Creation
Community
Videos
Private Events
Remove Ads
Sign In
Join for FREE
Feedback
Dark Mode
Quiz Categories
Sports
Geography
Music
Movies
Television
Just For Fun
Miscellaneous
History
Literature
Language
Science
Gaming
Entertainment
Religion
Holiday
For Kids
Quiz Lab
Recent
Popular Today
Quiz Kudos Today
Editor Picks
Curator Picks
Quizzes by...
Day
Popularity
Type
Ratings
Length
Year
Community
Subscriptions
Recent Discussions
Orange Saloon
Badges
Playlists
Quests
Create
Leaderboards
Showdown
Live 5
Trivia Bingo
Activity
Puzzle Library
Sporcle Events
Private Events
Virtual Trivia
Globe League
Become a Host
Pub Owners
SporcleCon
Opinionation
Our Games
Videos
Blog
Mobile Apps
Partnerships
Remove Ads and Go Orange
Feedback
Sports
Athletes
MLB
NBA
NHL
NFL
Soccer
Sports Teams
WWE
NCAA
Football
Premier League
Basketball
Baseball
Hockey
Golf
Tennis
Cricket
Rugby
Auto Racing
Olympics
World Cup
Sports
Athletes
MLB
NBA
NHL
NFL
Soccer
Sports Teams
WWE
NCAA
Football
Premier League
Basketball
Baseball
Hockey
Golf
Tennis
Cricket
Rugby
Auto Racing
Olympics
World Cup
Random Quiz
Search Sporcle
×
Quiz Lab
Quiz Lab
Sports
Athletes
Type in answers that appear in a list
Type in answers that appear in a list
Classic
Best Score? Go Orange.
Phillies Opening Day Opposing Pitchers, 1950-present Stats
Can you name the starting pitchers for the Phillies Opening Day opponents since 1950?
By
HurtSquad
8m
66 Questions
208 Plays
208 Plays
208 Plays
Comments
Comments
Give Quiz Kudos
Give Quiz Kudos
-
- Ratings
hide this ad
Replay
Link that replays current quiz
Next Quiz
Link to next quiz in quiz playlist
You Got
0%
They Got
Avg Score
50%
Avg Friend Score
Upgrade to see
Score Distribution
Jump to the score distribution portion of the page
Score
0/66
Timer
08:00
0
Plays Today
Year
Starting Pitcher
% Correct
1973
Tom Seaver
92.3%
1974
Tom Seaver
92.3%
1975
Tom Seaver
92.3%
1981
Tom Seaver
92.3%
1983
Tom Seaver
92.3%
1992
Greg Maddux
92.3%
1999
Tom Glavine
86.1%
2002
Tom Glavine
86.1%
1969
Ferguson Jenkins
85.6%
1967
Ferguson Jenkins
85.6%
1970
Ferguson Jenkins
85.6%
1972
Ferguson Jenkins
85.6%
1961
Don Drysdale
83.7%
1950
Don Newcombe
76%
1956
Don Newcombe
76%
1957
Don Newcombe
76%
1959
Don Newcombe
76%
2000
Randy Johnson
75.5%
1977
Steve Rogers
75%
1980
Steve Rogers
75%
2007
John Smoltz
73.6%
1991
Dwight Gooden
68.8%
2006
Chris Carpenter
68.8%
2013
Tim Hudson
63%
1986
Mario Soto
58.7%
2003
Josh Beckett
58.7%
1993
Doug Drabek
57.2%
1971
Dock Ellis
56.7%
1978
Bob Forsch
56.7%
2005
Livan Hernandez
54.3%
1982
Randy Jones
51.4%
1989
Rick Sutcliffe
51.4%
1998
Bobby Jones
51.4%
Year
Starting Pitcher
% Correct
1985
Rick Mahler
51%
1987
Rick Mahler
51%
2015
Clay Buchholz
49.2%
1964
Al Jackson
48.1%
1952
Sal Maglie
46.2%
1968
Claude Osteen
46.2%
1997
Ramon Martinez
44.2%
1954
Vern Law
41.3%
1962
Joey Jay
38.9%
1963
Joey Jay
38.9%
2009
Derek Lowe
37.5%
2010
John Lannan
37.5%
1951
Carl Erskine
35.1%
2011
Brett Myers
31.7%
1955
Johnny Antonelli
28.4%
1979
John Denny
26.4%
1976
Doc Medich
21.6%
1996
Kevin Ritz
21.2%
1966
Curt Simmons
20.2%
1995
Ken Hill
16.8%
2001
Ryan Dempster
16.8%
2004
Kip Wells
16.8%
2012
Erik Bedard
16.8%
2014
Tanner Scheppers
15%
1984
Len Barker
14.9%
1990
Mike Bielecki
14.4%
1988
Mike Dunne
13.5%
1994
Armando Reynoso
13%
1953
Larry Jansen
11.5%
1965
Bob Bruce
11.5%
1958
Brooks Lawrence
9.6%
2008
Matt Chico
8.7%
1960
Jim Brosnan
8.2%
Quiz Playlist
Details
Report
Send in Message
Add To Playlist
Classic:
Type in answers that appear in a list
Last Updated: Jun 28, 2017
Quiz Scoreboard
CHALLENGE
Sign Up to Join the Scoreboard
Show All
Scores
Hide
Comments
May contain spoilers
Recently Published
5x2 Blitz: Bands
by SL_Kpop136
Music
30s
Colored Red Africa Blitz
by spor1
Geography
30s
Find the 'City' Movie
by crazypaving
Movies
60s
More to Explore
Quiz From the Vault
Featured Blog Post
14 Easter Pick-up Lines to Find Eggs With
hide this ad
You Might Also Like...
Tags
Athletes Quiz
Baseball Quiz
MLB Quiz
1950
Opening Day Lineups
Opposing
phila
Philadelphia
Philadelphia Phillies
Philly
Pitchers
Starting Pitchers
Today's Top Quizzes in Sports
Browse Sports
hide this ad
Today's Top Quizzes in Athletes
Browse Athletes
Top Contributed Quizzes in Sports
1
Players with Multiple 50 Home Run Seasons
2
Criteria MLB: Left Handed Sluggers
3
MLB Players with Two .350 Batting Average Seasons
4
Who Hit More Homers?
5
Premier League Clubs since 2000 (minefield)
6
Who Needs Fielders?
7
2020 F1 Drivers Logic Puzzle
8
Les entraîneurs de l'OM et du PSG au 21e siècle
9
Top 10 NHL Goal Scorers of All Time
10
MLB Hall of Famer by Rings
Explore More
Trending Topics
NBA
Crossword
Disney
Marvel
Harry Potter
Anime
Kpop
Soccer
Pokémon
The Office
WWE
Puzzle
NFL
Song
Country
hide this ad
More By:
HurtSquad
Quiz
Plays
Rating
Category
Featured
Created
Eagles Opening Day Opposing Quarterbacks Since 1960
588
4.89
Sports
Sep 11, 2013
Philadelphia Eagles Opposing Quarterbacks (2000s)
1,194
4.75
Sports
Dec 13, 2013
Philadelphia Phillies Postseason Home Runs
607
4.71
Sports
Mar 1, 2012
Eagles Opening Day Opposing Quarterbacks Since 1960
588
4.89
Sports
Sep 11, 2013
Philadelphia Eagles Opposing Quarterbacks (2010s)
522
4.67
Sports
Jan 6, 2014
Philadelphia Eagles Playoff Opposing Quarterbacks
499
4.75
Sports
Oct 30, 2013
Go to Creator's Profile
Score Distribution
Quiz Creator Spotlight
HurtSquad
Follow
Send a Message
Quizzes Created
-
Created Quiz Play Count
-
More By This Creator
Popular Quizzes Today
1
Find the 'City' Movie
2
5x2 Blitz: Bands
3
Colored Red Africa Blitz
4
Find the US States - No Outlines Minefield
5
The Countries of the World
6
Find the US States
7
9x9 Crossword: Cartoon Network
8
US States
More Sports Quizzes
1990s Washington Wizards Top Scorers
Quiz Lab
Trending Quizzes
Colored Red Europe Blitz I
Colored Red Africa Blitz II
Colored Red Europe Blitz III
Colored Red Europe Blitz II
Colored Red Africa Blitz III
Recently Updated
Champions League XIs: Real Madrid
pecheneg
Largest US Cities 1790-2010
pecheneg
Rides in Walt Disney World
pecheneg
Most Oscar Losses (Acting)
pecheneg
Beyoncé Albums
pecheneg
Leaping Animals
pecheneg
Reality TV Shows (A-Z)
bhenderson79
Rickey Henderson's Hall of Fame Teammates
pecheneg
Champions League XIs: Arsenal
pecheneg
Quick Pick: Celebrities in WWE's Hall of Fame
aduchscher
Trending Topics
Marvel
Anime
Disney
Kpop
Crossword
NBA
Harry Potter
Puzzle
Song
NFL
The Office
Country
Pokémon
Soccer
WWE
Your Account Isn't Verified!
In order to create a playlist on Sporcle, you need to verify the email address you used during registration. Go to your
Sporcle Settings
to finish the process.
Report this User
Report this user for behavior that violates our
Community Guidelines
.
Details:
Send Report
Go to the Sporcle.com Mobile Site →
Comments